[Event "Reykjavik Kvika op"]
[Site "Reykjavik"]
[Date "2022.04.07"]
[Round "3"]
[White "Gasanova, Ulker"]
[Black "Palsson, Oli"]
[Result "1/2-1/2"]
[WhiteElo "1479"]
[BlackElo "1295"]
[PlyCount "97"]
[EventDate "2022.04.06"]
[EventType "swiss"]
[EventRounds "9"]
[EventCountry "ISL"]
[SourceTitle "CBM 207 Extra"]
[Source "ChessBase"]
[SourceDate "2022.05.31"]
[SourceVersion "1"]
[SourceVersionDate "2022.05.31"]
[SourceQuality "1"]

1. Nf3 Nf6 2. d3 Nc6 3. e4 e5 4. Nbd2 Be7 5. Nc4 d6 6. Be2 0-0 7. 0-0 h6 8. c3 Be6 9. Ne3 d5 10. Qc2 d4 11. cxd4 exd4 12. Nf5 Bxf5 13. exf5 Qd7 14. Nh4 Nd5 15. Nf3 Qxf5 16. a3 Rfe8 17. Nd2 Bg5 18. Ne4 Bxc1 19. Raxc1 Qg6 20. Qd2 Re7 21. Rce1 Rae8 22. Bf3 Ne5 23. Qd1 Nf4 24. Ng3 Nexd3 25. Be4 Qa6 26. Bxd3 Nxd3 27. Rxe7 Rxe7 28. Nf5 Re6 29. Nxd4 Re8 30. Qc2 Nf4 31. Rc1 Qf6 32. Nf3 Ne2+ 33. Kf1 Nxc1 34. Qxc1 Qa6+ 35. Kg1 Qe2 36. h3 c6 37. Qc3 Rd8 38. Kh2 Rd3 39. Qc4 b5 40. Qxc6 Rxf3 41. Qxf3 Qxf3 42. gxf3 Kf8 43. Kg3 Ke7 44. Kf4 Ke6 45. Ke4 a6 46. f4 f5+ 47. Kd4 Kd6 48. h4 g6 49. b4 1/2-1/2

[Event "ISL-ch (Women)"]
[Site "Reykjavik"]
[Date "2021.06.01"]
[Round "5"]
[White "Gasanova, Ulker"]
[Black "Johannsdottir, Johanna Bjorg"]
[Result "0-1"]
[WhiteElo "1534"]
[BlackElo "1990"]
[PlyCount "66"]
[EventDate "2021.05.26"]
[EventType "tourn"]
[EventRounds "7"]
[EventCountry "ISL"]
[SourceTitle "CBM 203 Extra"]
[Source "ChessBase"]
[SourceDate "2021.09.30"]
[SourceVersion "1"]
[SourceVersionDate "2021.09.30"]
[SourceQuality "1"]

1. Nf3 g6 2. e4 d6 3. h3 Bg7 4. d4 a6 5. Bd3 Nd7 6. 0-0 b5 7. c3 c5 8. Be3 Ngf6 9. Nbd2 0-0 10. Re1 Bb7 11. Nh2 Rc8 12. f4 e6 13. Bf2 Nh5 14. f5 Nf4 15. Ndf3 exf5 16. exf5 Nf6 17. Bh4 Re8 18. Qd2 Nxd3 19. Qxd3 c4 20. Qc2 Bxf3 21. Nxf3 Qd7 22. fxg6 hxg6 23. Nh2 Rxe1+ 24. Rxe1 Re8 25. Rf1 Nd5 26. Qd2 Ne3 27. Rf3 Bh6 28. Qf2 Qe6 29. Rf6 Qe4 30. Nf3 Ng4 31. Qg3 Qe3+ 32. Kf1 Qe2+ 33. Kg1 Be3+ 0-1

[Event "Reykjavik ISL-ch op"]
[Site "Reykjavik"]
[Date "2020.08.27"]
[Round "6"]
[White "Gudmundsson, Gunnar Erik"]
[Black "Gasanova, Ulker"]
[Result "1-0"]
[WhiteElo "1801"]
[BlackElo "1557"]
[PlyCount "39"]
[EventDate "2020.08.22"]
[EventType "swiss"]
[EventRounds "9"]
[EventCountry "ISL"]
[SourceTitle "CBM 198 Extra"]
[Source "ChessBase"]
[SourceDate "2020.11.30"]
[SourceVersion "1"]
[SourceVersionDate "2020.11.30"]
[SourceQuality "1"]

1. d4 e6 2. c4 Bb4+ 3. Nc3 b6 4. Qc2 Bb7 5. e4 Nf6 6. Bd3 Nc6 7. Nge2 d6 8. 0-0 Bxc3 9. Qxc3 h6 10. f4 0-0 11. h3 a5 12. a3 Ne7 13. Ng3 c5 14. d5 exd5 15. exd5 Ng6 16. b3 b5 17. Bb2 b4 18. Qc2 Nh8 19. Bxf6 Qxf6 20. Bh7# 1-0

[Event "Reykjavik ISL-ch op"]
[Site "Reykjavik"]
[Date "2020.08.26"]
[Round "5"]
[White "Gasanova, Ulker"]
[Black "Helgadottir, Idunn"]
[Result "1-0"]
[WhiteElo "1557"]
[BlackElo "1364"]
[PlyCount "51"]
[EventDate "2020.08.22"]
[EventType "swiss"]
[EventRounds "9"]
[EventCountry "ISL"]
[SourceTitle "CBM 198 Extra"]
[Source "ChessBase"]
[SourceDate "2020.11.30"]
[SourceVersion "1"]
[SourceVersionDate "2020.11.30"]
[SourceQuality "1"]

1. Nf3 Nf6 2. Nc3 g6 3. e4 d6 4. h3 Bg7 5. d4 0-0 6. Bc4 b6 7. 0-0 Bb7 8. Re1 Nbd7 9. Bf4 Rc8 10. Bb3 c5 11. e5 Nh5 12. exd6 Re8 13. dxe7 Rxe7 14. Bg5 Nhf6 15. Ne5 h6 16. Bxf6 Bxf6 17. Nxd7 Rxd7 18. Qg4 Rxd4 19. Qxg6+ Bg7 20. Bxf7+ Kf8 21. Be6 Rc7 22. Nb5 Rcd7 23. Nxd4 Qg5 24. Qxg5 hxg5 25. Bxd7 Bxd4 26. c3 1-0

[Event "Reykjavik op"]
[Site "Reykjavik"]
[Date "2017.04.22"]
[Round "5"]
[White "Tummasarson, Flovin M"]
[Black "Gasanova, Ulker"]
[Result "1/2-1/2"]
[WhiteElo "1224"]
[BlackElo "1591"]
[PlyCount "100"]
[EventDate "2017.04.19"]
[EventType "swiss"]
[EventRounds "10"]
[EventCountry "ISL"]
[SourceTitle "CBM 178 Extra"]
[Source "ChessBase"]
[SourceDate "2017.06.22"]
[SourceVersion "1"]
[SourceVersionDate "2017.06.22"]
[SourceQuality "1"]

1. e4 c5 2. Nf3 d6 3. c3 a6 4. Be2 Nf6 5. 0-0 e6 6. d3 Be7 7. Bg5 0-0 8. Nbd2 b5 9. b4 Qc7 10. Rc1 Bb7 11. a3 Nbd7 12. Re1 h6 13. Bh4 Rac8 14. Qb3 Rfe8 15. Bxf6 Bxf6 16. c4 Qb8 17. cxb5 axb5 18. bxc5 Rxc5 19. Rxc5 Nxc5 20. Qxb5 Rc8 21. Rb1 Qa7 22. Nc4 Ba6 23. Qb6 Qxb6 24. Rxb6 Bxc4 25. dxc4 Nxe4 26. h3 d5 27. cxd5 Rc1+ 28. Kh2 Nxf2 29. dxe6 fxe6 30. Rxe6 Kf7 31. Ra6 h5 32. g3 Rc2 33. Ra7+ Ke6 34. Bb5 Ne4+ 35. Kg1 Nxg3 36. a4 Rb2 37. Bd7+ Kd6 38. a5 Bd8 39. Bc8 g5 40. Rd7+ Kc6 41. Rxd8 Ne2+ 42. Kf1 Ng3+ 43. Ke1 Kc7 44. Rg8 Rb1+ 45. Kd2 Rb8 46. Be6 Rxg8 47. Bxg8 g4 48. hxg4 hxg4 49. Ne5 Ne4+ 50. Ke3 Nc5 1/2-1/2

[Event "Reykjavik op"]
[Site "Reykjavik"]
[Date "2017.04.19"]
[Round "1"]
[White "Walton, Alan J"]
[Black "Gasanova, Ulker"]
[Result "1-0"]
[WhiteElo "2199"]
[BlackElo "1591"]
[PlyCount "82"]
[EventDate "2017.04.19"]
[EventType "swiss"]
[EventRounds "10"]
[EventCountry "ISL"]
[SourceTitle "CBM 178 Extra"]
[Source "ChessBase"]
[SourceDate "2017.06.22"]
[SourceVersion "1"]
[SourceVersionDate "2017.06.22"]
[SourceQuality "1"]

1. d4 Nf6 2. c4 e6 3. Nc3 d5 4. cxd5 Nxd5 5. Nf3 Bb4 6. Qc2 Nc6 7. e4 Nb6 8. Be3 0-0 9. Bd3 Bxc3+ 10. bxc3 h6 11. Qd2 f5 12. a4 fxe4 13. Bxe4 Nc4 14. Qd3 Nxe3 15. fxe3 Qd6 16. 0-0 Bd7 17. Rab1 Rab8 18. c4 e5 19. c5 Qe7 20. d5 Nd8 21. Bh7+ Kh8 22. Nxe5 Rxf1+ 23. Rxf1 Be8 24. Bg6 Kg8 25. Bxe8 Qxe8 26. Qf5 a6 27. Nd7 Ra8 28. Qf8+ Qxf8 29. Rxf8+ Kh7 30. e4 b5 31. cxb6 cxb6 32. Nxb6 Rb8 33. a5 g6 34. e5 Kg7 35. Rf1 Nb7 36. e6 Nxa5 37. d6 Nc6 38. Rf7+ Kg8 39. Rc7 Ne5 40. d7 Nxd7 41. exd7 Rf8 1-0

[Event "Reykjavik op"]
[Site "Reykjavik"]
[Date "2015.03.11"]
[Round "2"]
[White "Brzezinski, Adam"]
[Black "Gasanova, Ulker"]
[Result "1-0"]
[WhiteElo "2150"]
[BlackElo "1645"]
[PlyCount "51"]
[EventDate "2015.03.10"]
[EventType "swiss"]
[EventRounds "10"]
[EventCountry "ISL"]
[SourceTitle "CBM 165 Extra"]
[Source "ChessBase"]
[SourceDate "2015.04.21"]
[SourceVersion "1"]
[SourceVersionDate "2015.04.21"]
[SourceQuality "1"]

1. d4 d5 2. c4 Nf6 3. cxd5 Nxd5 4. e4 Nb6 5. a4 a5 6. Bb5+ Bd7 7. Nc3 e6 8. Nf3 Nc6 9. 0-0 Be7 10. Bf4 0-0 11. Rc1 Bb4 12. d5 exd5 13. Nxd5 Nxd5 14. exd5 Ne7 15. Bxc7 Qe8 16. d6 Ng6 17. Qd5 Bxb5 18. Qxb5 Qxb5 19. axb5 Nf4 20. Rcd1 Ne6 21. b6 Bxd6 22. Rxd6 Rac8 23. Rc1 Rfe8 24. g3 Re7 25. Nd4 Nxc7 26. Rxc7 1-0

[Event "Reykjavik op"]
[Site "Reykjavik"]
[Date "2009.03.29"]
[Round "6"]
[White "Gasanova, Ulker"]
[Black "Andrason, Pall Snaedal"]
[Result "1/2-1/2"]
[WhiteElo "1646"]
[BlackElo "1564"]
[PlyCount "133"]
[EventDate "2009.03.24"]
[EventType "swiss"]
[EventRounds "9"]
[EventCountry "ISL"]
[SourceTitle "CBM 129 Extra"]
[Source "ChessBase"]
[SourceDate "2009.05.05"]
[SourceVersion "2"]
[SourceVersionDate "2009.05.20"]
[SourceQuality "1"]

1. e4 c5 2. Nf3 g6 3. c4 Bg7 4. d4 cxd4 5. Nxd4 Nc6 6. Be3 d6 7. Nc3 Nf6 8. Be2 Bd7 9. 0-0 0-0 10. f4 Rc8 11. Kh1 Re8 12. Qe1 Ng4 13. Nxc6 Rxc6 14. Bg1 Qa5 15. Rc1 Rec8 16. Nd5 Qxe1 17. Rcxe1 Kf8 18. b3 Nf6 19. Bd3 b6 20. Nxf6 Bxf6 21. e5 dxe5 22. fxe5 Bg7 23. Be4 R6c7 24. Bd5 e6 25. Bf3 Rd8 26. h4 Bc6 27. Bg4 Ke7 28. Bf3 Bxf3 29. Rxf3 Rcd7 30. Ref1 Ke8 31. Bh2 Rd4 32. Rxf7 Bh6 33. Rxh7 Rxh4 34. Rh8+ Ke7 35. Rh7+ Ke8 36. Rh8+ Ke7 37. Rxd8 Kxd8 38. Kg1 Be3+ 39. Kh1 g5 40. g3 Re4 41. Re1 Rxe5 42. g4 Re4 43. Bg1 Rxg4 44. Rxe3 Ke7 45. Rf3 e5 46. Kh2 Ke6 47. Be3 e4 48. Rf8 Rh4+ 49. Kg3 Rh1 50. Kg4 Re1 51. Re8+ Kd7 52. Rxe4 Re2 53. a4 Rb2 54. Rd4+ Kc6 55. Rd3 Rg2+ 56. Kf3 Rh2 57. Kg3 Rh1 58. b4 Ra1 59. a5 bxa5 60. bxa5 Rxa5 61. Kg4 Re5 62. Bd4 Re4+ 63. Kxg5 a5 64. Kf5 Re1 65. Bc3 Rc1 66. Bxa5 Rxc4 67. Rc3 1/2-1/2

[Event "Reykjavik op"]
[Site "Reykjavik"]
[Date "2009.03.26"]
[Round "3"]
[White "Arnalds, Stefan"]
[Black "Gasanova, Ulker"]
[Result "1-0"]
[WhiteElo "1953"]
[BlackElo "1646"]
[PlyCount "45"]
[EventDate "2009.03.24"]
[EventType "swiss"]
[EventRounds "9"]
[EventCountry "ISL"]
[SourceTitle "CBM 129 Extra"]
[Source "ChessBase"]
[SourceDate "2009.05.05"]
[SourceVersion "2"]
[SourceVersionDate "2009.05.20"]
[SourceQuality "1"]

1. d4 d5 2. c4 e6 3. cxd5 exd5 4. Nc3 Nf6 5. Bg5 c6 6. e3 Be7 7. Bd3 0-0 8. Qc2 h6 9. Bxf6 Bxf6 10. Nf3 Nd7 11. 0-0-0 b5 12. g4 Nb6 13. Rdg1 b4 14. Ne2 a5 15. h4 Be7 16. g5 h5 17. Nf4 Bg4 18. Ne5 Rc8 19. Bh7+ Kh8 20. g6 fxg6 21. Nfxg6+ Kxh7 22. Nxf8+ Kg8 23. Qh7+ 1-0